000 00739cam a2200229 4500
001 3435
005 20181127171212.0
008 771019s1978 nyu b 001 0 eng
010 _a 77016635
020 _a0393056848
020 _a041517363x
245 0 4 _aThe Marx-Engels reader /
_cedited by Robert C. Tucker.
250 _a2nd ed.
260 _aNew York :
_bNorton,
_cc1978.
300 _axlii, 788 p. ;
_c22 cm.
504 _aIncludes bibliographical references and index.
650 0 _aCommunism.
650 0 _aSocialism.
700 1 _aTucker, Robert C.
_q(Robert Charles),
_d1918-2010.
700 1 2 _aEngels, Friedrich,
_d1820-1895.
_tSelections.
_lEnglish.
_f1978.
700 1 2 _aMarx, Karl,
_d1818-1883.
_tSelections.
_lEnglish.
_f1978.
999 _c2781
_d2781